1044 1267 1671 1263 1557 1642 1872 1518 1504 1716 1559 1951 1667 1979 1907 1777 1764 1142 1442 1257 1835 1131 1909 1081 1517 1382 1184 1805 1498 1518 1921 1356 1339 1118 1905 1780 1274 1445 1560 1595 1323 1152 1309 1357 1742 1212 1170 1347 1067 1291 1841 1711 1982 1298 1682 1618 1870 1512 1728 1987 1746 1131 1767 1425 1945 1805 1787 1901 1672 1309 1091 1359 1697 1140 1742 1895 1325 1403 1505 1925 1545 1235 1245 1100 1335 1270 1337 1388 1501 1459 1654 1730 1379 1069 1962 1333 1724 1839 1705 BCNSPRNW ULIB Ver.6.0+V

เปลี่ยนเป็นภาษาไทย

Change to English
 แสดงรายละเอียดบรรณานุกรม
  กลับหน้าหลัก

Brief Record : Get Marc (ISO 2709) : E-mail record : QR code < ปิดหน้าต่าง
LEADER : 00000nam 2200000uu 4500
001    13399110061
003     ULIB
008    110420s2552||||th 000 0 tha d
020    9786115080267
050  4 BF637.S8^bค336ว 2552
100 1  คาร์เนกี้, เดล
245 10 วิธีชนะมิตรและจูงใจคน =^bHow to win friends and influencepeople /^cเดล คาร์เนกี้ ; แปลโดย อาษา ขอจิตต์เมตต์
246 31 How to win friends and influence people
260    กรุงเทพฯ :^bแสงดาว,^c2552
300    351 หน้า ;^c21 ซม.
500    "จัดพิมฑ์เป็นเครื่องระลึกในวาระครบรอบ 101 ปี"
650  7 จิตวิทยาประยุกต์
650  7 จิตวิทยาสังคม
700 0  อาษา ขอจิตต์เมตต์,^eผู้แปล
700 12 Carnegie, Dale.^tHow to win friends and influence people
945    ^p250^l0^i029978
945    ^p250^l0^i029977
945    ^p250^l0^i029976
995    เกษร
999 ^a ใช้งานได้ทุกระบบ
รายการนี้ยังไม่มีแท็ก
คุณยังไม่ได้ล็อกอิน คุณสามารถมีกิจกรรมร่วมกับเว็บไซต์ได้ แต่ต้องล็อกอินก่อน ::
  ล็อกอิน

รายการสื่อสารสนเทศ

ลำดับที่ ประเภท เลขเรียก/บาร์โค้ด สถานที่ สถานะ
1. การศึกษาทั่วไป
การศึกษาทั่วไป
BF637.S8 ค336ว 2552 ฉ.2 
  Barcode: 029977
ห้องสมุดวิทยาเขตนครสวรรค์
►หนังสือทั่วไป:l:General Books
บนชั้น
2. การศึกษาทั่วไป
การศึกษาทั่วไป
BF637.S8 ค336ว 2552 ฉ.3 
  Barcode: 029978
ห้องสมุดวิทยาเขตนครสวรรค์
►หนังสือทั่วไป:l:General Books
บนชั้น

รายการใกล้เคียง
    ผู้แต่ง [คาร์เนกี้, เดล]

    หัวเรื่อง [จิตวิทยาประยุกต์]
    หัวเรื่อง [จิตวิทยาสังคม]

BibComment


ยังไม่เคยถูกคอมเมนท์

คอมเมนท์ทรัพยากรรายการนี้
  คอมเมนท์: วิธีชนะมิตรและจูง..


 Copyright 2026. Bcnsprnw @Library